[Event "World Blitz 2025"]
[Site "Doha QAT"]
[Date "2025.12.30"]
[Round "17.42"]
[White "Movahed, Sina"]
[Black "Shimanov, Aleksandr"]
[Result "0-1"]
[WhiteTitle "GM"]
[BlackTitle "GM"]
[WhiteElo "2596"]
[BlackElo "2578"]
[WhiteFideId "42520835"]
[BlackFideId "4198603"]
[EventDate "2025.12.29"]

1. e4 d5 2. exd5 Qxd5 3. Nc3 Qd8 4. d4 Nf6 5. Nf3 c6 6. Bc4 b5 7. Bb3 e6 8. O-O
a5 9. a4 b4 10. Ne2 Bd6 11. Ng3 O-O 12. Bg5 Nbd7 13. Re1 Qc7 14. c4 bxc3 15.
bxc3 Rb8 16. Bc2 c5 17. Qd3 c4 18. Qe2 Bb7 19. Ne5 Bd5 20. Nh5 Nxh5 21. Qxh5 f5
22. Bf4 Rb2 23. Re2 Bxe5 24. dxe5 Nc5 25. Rd1 Qc6 26. f3 Nxa4 27. Rde1 Nxc3 28.
Rf2 a4 29. Be3 a3 30. Bd4 Nb5 31. Bxb2 axb2 32. g4 Na3 33. gxf5 Nxc2 34. Rxc2
Qb6+ 35. Kg2 b1=Q 0-1

[Event "World Blitz 2025"]
[Site "Doha QAT"]
[Date "2025.12.30"]
[Round "17.43"]
[White "Dau Khuong Duy"]
[Black "Quparadze, Giga"]
[Result "1-0"]
[WhiteTitle "IM"]
[BlackTitle "GM"]
[WhiteElo "2489"]
[BlackElo "2502"]
[WhiteFideId "12424722"]
[BlackFideId "13602250"]
[EventDate "2025.12.29"]

1. e4 c5 2. Nf3 e6 3. d4 cxd4 4. Nxd4 a6 5. Bd3 d5 6. O-O dxe4 7. Bxe4 Nf6 8.
Bf3 Be7 9. g3 O-O 10. Nc3 e5 11. Nb3 Nc6 12. Bg5 Bh3 13. Re1 h6 14. Bxf6 Bxf6
15. Nd5 Rc8 16. c3 Be6 17. Qd3 Bxd5 18. Qxd5 Qc7 19. Rad1 Rfd8 20. Qe4 Be7 21.
Qf5 g6 22. Qg4 Rxd1 23. Rxd1 Rd8 24. Rxd8+ Nxd8 25. h4 h5 26. Qa4 Kg7 27. Kg2 f5
28. Bd5 Qd6 29. c4 b5 30. Qa5 e4 31. Nd4 Bf6 32. Ne2 Bxb2 33. Nf4 Bf6 34. c5 Qe7
35. c6 Nxc6 36. Bxc6 e3 37. Qe1 Qd6 38. Bf3 exf2 39. Qxf2 Be5 40. Qe3 Bxf4 41.
gxf4 Kh6 42. Qe5 Qd2+ 43. Kg3 Kh7 44. Qe7+ Kh6 45. Qf8+ Kh7 46. Qf7+ Kh6 47. Qf6
Qe1+ 48. Kg2 Qd2+ 49. Kh3 Kh7 50. Qe7+ Kh6 51. Qe5 Kh7 52. Bd5 Qd3+ 53. Kg2 Qc2+
54. Kg3 Qd3+ 55. Bf3 Qd2 56. Qe7+ Kh6 57. Qf6 Qe1+ 58. Kg2 Qd2+ 59. Kh3 Kh7 60.
Qxa6 Qxf4 61. Qa7+ Kh6 62. Qa8 Kh7 63. Qb7+ Kh6 64. Qa8 Kh7 65. Qd5 Qe3 66. Kg2
b4 67. Qf7+ Kh6 68. Qf8+ Kh7 69. Qxb4 Qd3 70. a4 Qc2+ 71. Kg3 Qc1 72. Qb7+ Kh6
73. Qa8 Qe1+ 74. Kh3 Qc3 75. a5 Qa1 76. a6 Qf1+ 77. Bg2 Qd3+ 78. Kh2 Qd6+ 79.
Kg1 Qd4+ 80. Kf1 Qf4+ 81. Bf3 Qc4+ 82. Kg2 Qc2+ 83. Kh3 g5 84. Qc6+ Qxc6 85.
Bxc6 g4+ 86. Kg3 1-0

[Event "World Blitz 2025"]
[Site "Doha QAT"]
[Date "2025.12.30"]
[Round "17.44"]
[White "Pranav, Anand"]
[Black "Muradli, Mahammad"]
[Result "1-0"]
[WhiteTitle "GM"]
[BlackTitle "GM"]
[WhiteElo "2591"]
[BlackElo "2581"]
[WhiteFideId "46626786"]
[BlackFideId "13409301"]
[EventDate "2025.12.29"]

1. e4 c5 2. Nf3 d6 3. d4 cxd4 4. Nxd4 Nf6 5. Nc3 a6 6. Bd3 e5 7. Nde2 Be6 8. O-O
Nc6 9. Kh1 g6 10. f4 exf4 11. Nxf4 Bg7 12. Be3 O-O 13. a4 Rc8 14. Nxe6 fxe6 15.
Bc4 Qe7 16. Ba2 Ne5 17. Qe2 h6 18. Rad1 Kh7 19. Bg1 Nh5 20. g3 Nf6 21. Kg2 h5
22. Be3 Nfg4 23. Bf4 Rcd8 24. h3 Nf6 25. Bg5 Bh6 26. Bxh6 Kxh6 27. Qe3+ Kg7 28.
Ne2 Nfd7 29. Nd4 Rxf1 30. Rxf1 Nf8 31. Rxf8 Rxf8 32. Nxe6+ Kh7 33. Nxf8+ Qxf8
34. Bd5 b5 35. a5 Qf6 36. b4 Kg7 37. Qa7+ Kh6 38. Qf2 Qe7 39. c3 Kg7 40. Qe3 h4
41. g4 g5 42. Qb6 Kh6 43. Kf1 Qf6+ 44. Qf2 Qe7 45. Qf5 Kg7 46. Ke2 Ng6 47. Kd2
Nf4 48. Qc8 Nxh3 49. Qxa6 Nf4 50. Qb7 Nxd5 51. Qxd5 h3 52. a6 h2 53. Qb7 Qxb7
54. axb7 h1=Q 55. b8=Q Qxe4 56. Qc7+ Kg8 57. Qd8+ Kf7 58. Qxg5 Qg2+ 59. Kc1 Qf1+
60. Kb2 Qe2+ 61. Ka3 Qc4 62. Qf5+ Ke7 63. Qf3 d5 64. g5 Qc6 65. Kb2 Qe6 66. Qd3
Qe5 67. g6 Kf6 68. Qxb5 Kxg6 69. Qd3+ Kf7 70. Kb3 Ke7 71. Qd4 Qf5 72. Ka4 Kd7
73. Ka5 Qf3 74. Qc5 Qe4 75. b5 Qe5 76. b6 Qe4 77. b7 Qb1 78. Qc8+ Ke7 79. Qc7+ 1-0

[Event "World Blitz 2025"]
[Site "Doha QAT"]
[Date "2025.12.30"]
[Round "17.45"]
[White "Goutham Krishna H"]
[Black "Uskov, Artem"]
[Result "0-1"]
[WhiteTitle "IM"]
[BlackTitle "GM"]
[WhiteElo "2433"]
[BlackElo "2516"]
[WhiteFideId "25983504"]
[BlackFideId "34254854"]
[EventDate "2025.12.29"]

1. c4 e5 2. d3 Nf6 3. Nf3 Nc6 4. a3 d5 5. cxd5 Nxd5 6. e3 Bd6 7. Nbd2 O-O 8. g3
Nb6 9. Qc2 Bf5 10. b3 Qe7 11. Bg2 Rad8 12. O-O a5 13. Bb2 f6 14. Rfd1 Qf7 15. h3
Be7 16. Ne4 Be6 17. Ned2 Bd5 18. Nc4 a4 19. bxa4 e4 20. Nxb6 Bb3 21. Qc3 exf3
22. Bxf3 cxb6 23. Rdc1 Bd5 24. Be2 Na5 25. Rab1 Bc6 26. Ba1 Rc8 27. Qb2 Bd8 28.
Qb4 Bc7 29. e4 Rcd8 30. Bf1 Rfe8 0-1

[Event "World Blitz 2025"]
[Site "Doha QAT"]
[Date "2025.12.30"]
[Round "17.46"]
[White "Rakhmanov, Aleksandr"]
[Black "Niemann, Hans Moke"]
[Result "1/2-1/2"]
[WhiteTitle "GM"]
[BlackTitle "GM"]
[WhiteElo "2585"]
[BlackElo "2725"]
[WhiteFideId "4173708"]
[BlackFideId "2093596"]
[EventDate "2025.12.29"]

1. c4 c5 2. Nc3 Nc6 3. g3 g6 4. Bg2 Bg7 5. b3 Nf6 6. Ba3 Qa5 7. Bb2 O-O 8. Nh3
d5 9. cxd5 Bxh3 10. Bxh3 Nxd5 11. Qc1 Rfd8 12. Bg2 e6 13. Nxd5 exd5 14. Bxg7
Kxg7 15. O-O Rac8 16. Qb2+ Kg8 17. Rac1 d4 18. Rfe1 b6 19. d3 Ne5 20. a3 Qb5 21.
Qc2 Qd7 22. Qd2 Qe6 23. Qb2 h5 24. h4 Qe7 25. Qd2 Kg7 26. Rc2 Qe6 27. Rb1 Rc7
28. Qf4 Re7 29. Qg5 Rc8 30. Qf4 Rec7 31. Qg5 a5 32. Qf4 Qf6 33. Qxf6+ Kxf6 34.
Rbc1 Ke6 35. Kf1 Kd6 36. Ke1 b5 37. Kd2 c4 38. dxc4 bxc4 39. bxc4 Nxc4+ 40. Kd3
Ne5+ 41. Kd2 Rxc2+ 42. Rxc2 Rxc2+ 43. Kxc2 Kc5 44. Be4 Nc4 45. a4 Kb4 46. Bd5
Nd6 47. Bc6 Kc5 48. Bd7 Ne4 49. Be8 Nd6 50. Bd7 Kc4 51. f3 f5 52. g4 fxg4 53.
fxg4 hxg4 54. Bxg4 Kd5 55. Kd3 Ke5 56. h5 gxh5 57. Bxh5 Ne4 58. Be8 Nd6 59. Bc6
Nc8 60. Kc4 Kd6 61. Bb7 Nb6+ 62. Kb5 Nd7 63. Be4 Nc5 64. Bc2 Ne6 65. Bd3 Nc7+
66. Kc4 Ne6 67. Bf5 Nf4 68. Bg4 Ke5 69. Kb5 d3 70. exd3 Nxd3 71. Kxa5 Nc5 72.
Kb5 Nxa4 73. Kxa4 1/2-1/2

[Event "World Blitz 2025"]
[Site "Doha QAT"]
[Date "2025.12.30"]
[Round "17.47"]
[White "Bai, Jinshi"]
[Black "Giri, Anish"]
[Result "1/2-1/2"]
[WhiteTitle "GM"]
[BlackTitle "GM"]
[WhiteElo "2599"]
[BlackElo "2760"]
[WhiteFideId "8602280"]
[BlackFideId "24116068"]
[EventDate "2025.12.29"]

1. d4 Nf6 2. Nf3 e6 3. g3 b5 4. Bg2 Bb7 5. O-O Be7 6. Qd3 a6 7. Bg5 h6 8. Bxf6
Bxf6 9. Nbd2 d5 10. a4 b4 11. Nb3 a5 12. Nc5 Ba6 13. Nxa6 Rxa6 14. e4 dxe4 15.
Qxe4 O-O 16. Rfd1 Rd6 17. c3 c5 18. Ne5 bxc3 19. bxc3 cxd4 20. cxd4 Bxe5 21.
Qxe5 Nc6 22. Bxc6 Rxc6 23. Rac1 Rxc1 24. Rxc1 Qb6 25. Rc5 Qb1+ 26. Kg2 Qb7+ 27.
d5 Rd8 28. Rxa5 exd5 29. Qd4 Qc6 30. Rc5 Qb6 31. a5 Qa7 32. h4 h5 33. Kh2 Qd7
34. Rc2 Qb5 35. Ra2 Ra8 36. Qc3 Qc4 37. Qxc4 dxc4 38. Rc2 Rxa5 39. Rxc4 1/2-1/2

[Event "World Blitz 2025"]
[Site "Doha QAT"]
[Date "2025.12.30"]
[Round "17.48"]
[White "Madaminov, Mukhiddin"]
[Black "Harikrishna, Pentala"]
[Result "0-1"]
[WhiteTitle "GM"]
[BlackTitle "GM"]
[WhiteElo "2552"]
[BlackElo "2693"]
[WhiteFideId "14210703"]
[BlackFideId "5007003"]
[EventDate "2025.12.29"]

1. e4 c5 2. Nf3 e6 3. c3 d5 4. exd5 exd5 5. d4 Nc6 6. Bb5 Bd6 7. O-O Ne7 8. dxc5
Bxc5 9. Nbd2 O-O 10. Nb3 Bb6 11. a4 a6 12. Bd3 Bf5 13. Re1 Bg6 14. Be3 Re8 15.
h3 Bc7 16. Qd2 Qd6 17. Bxg6 Nxg6 18. Rad1 Nce5 19. Nxe5 Rxe5 20. g3 Qd7 21. Kg2
Qxa4 22. Nc5 Qc6 23. Bd4 Rxe1 24. Rxe1 Bd6 25. Nd3 Re8 26. h4 h6 27. Qd1 Qd7 28.
Qf3 Rxe1 29. Nxe1 Qe6 30. Nc2 Qe4 31. Ne3 Ne7 32. Bb6 Qe6 33. Bd8 Nc6 34. Bb6
Ne5 35. Qxd5 Qxd5+ 36. Nxd5 f5 37. b3 Kf7 38. h5 Nd3 39. Kf1 Ke6 40. c4 Nc1 41.
Bd4 Nxb3 42. Bxg7 Nd2+ 43. Ke2 Nxc4 44. Ne3 Nxe3 45. Kxe3 a5 46. Bxh6 Be5 47.
Kd3 b5 48. Bd2 a4 49. Bb4 Bg7 50. f3 Kd5 51. g4 fxg4 52. fxg4 Bh6 53. Be7 Ke6
54. Bb4 Ke5 55. Bc3+ Ke6 56. Bb4 Kd5 57. Be7 Bf4 58. g5 Ke6 59. Bd8 b4 60. h6
Kf7 61. Ke4 b3 62. Bf6 Bxg5 63. Bb2 Bf6 64. Ba3 b2 65. Bxb2 Bxb2 66. Kd3 a3 67.
Kc2 Kg6 0-1

[Event "World Blitz 2025"]
[Site "Doha QAT"]
[Date "2025.12.30"]
[Round "17.49"]
[White "Ivanchuk, Vasyl"]
[Black "Kozak, Adam"]
[Result "1-0"]
[WhiteTitle "GM"]
[BlackTitle "GM"]
[WhiteElo "2607"]
[BlackElo "2546"]
[WhiteFideId "14100010"]
[BlackFideId "753246"]
[EventDate "2025.12.29"]

1. d4 Nf6 2. c4 e6 3. Nc3 d5 4. Bf4 Bd6 5. Bg3 O-O 6. e3 b6 7. cxd5 exd5 8. Bd3
c5 9. Nge2 Bxg3 10. hxg3 h6 11. Qd2 Nc6 12. f3 a6 13. Kf2 Re8 14. Rad1 c4 15.
Bb1 b5 16. a3 Rb8 17. Nf4 a5 18. Nh5 Be6 19. Ne2 b4 20. axb4 axb4 21. Nef4 Kf8
22. g4 Na5 23. Qc1 c3 24. bxc3 Nc4 25. cxb4 Rxb4 26. Rde1 Rb2+ 27. Kg1 Nxh5 28.
Rxh5 Qb6 29. Bd3 Nd6 30. Qc5 Qxc5 31. dxc5 Nc4 32. e4 dxe4 33. Nxe6+ Rxe6 34.
Bxc4 exf3 35. Rxe6 Rxg2+ 36. Kf1 fxe6 37. c6 Ke7 38. c7 1-0

[Event "World Blitz 2025"]
[Site "Doha QAT"]
[Date "2025.12.30"]
[Round "17.50"]
[White "Ansat, Aldiyar"]
[Black "Pichot, Alan"]
[Result "1/2-1/2"]
[WhiteTitle "IM"]
[BlackTitle "GM"]
[WhiteElo "2479"]
[BlackElo "2597"]
[WhiteFideId "13715658"]
[BlackFideId "110973"]
[EventDate "2025.12.29"]

1. e4 e5 2. Nf3 Nc6 3. Bb5 a6 4. Ba4 Nf6 5. O-O b5 6. Bb3 Bc5 7. a4 Rb8 8. d3 h6
9. axb5 axb5 10. Nc3 d6 11. h3 O-O 12. Be3 Bxe3 13. fxe3 Be6 14. Bxe6 fxe6 15.
Qe1 Qd7 16. Qg3 Nb4 17. Rf2 c5 18. Raf1 Nh7 19. d4 exd4 20. exd4 c4 21. Nh4 Rxf2
22. Rxf2 Rf8 23. Rxf8+ Nxf8 24. Qf2 Nh7 25. d5 Nf6 26. dxe6 Qxe6 27. Ng6 Qe8 28.
Qf5 Nxc2 29. Nxb5 Qxe4 30. Nxd6 Qd4+ 31. Kh1 Qd1+ 32. Kh2 Qxd6+ 33. Kh1 Qd1+ 34.
Kh2 Qd6+ 35. Kh1 Ne3 36. Qc8+ Kf7 37. Nh8+ Ke7 38. Ng6+ Kf7 1/2-1/2

[Event "World Blitz 2025"]
[Site "Doha QAT"]
[Date "2025.12.30"]
[Round "17.51"]
[White "Hong, Andrew"]
[Black "Aravindh, Chithambaram VR."]
[Result "1-0"]
[WhiteTitle "GM"]
[BlackTitle "GM"]
[WhiteElo "2568"]
[BlackElo "2703"]
[WhiteFideId "2099438"]
[BlackFideId "5072786"]
[EventDate "2025.12.29"]

1. d4 Nf6 2. Nc3 d5 3. Bf4 c5 4. e3 cxd4 5. exd4 a6 6. Bd3 Nc6 7. Nce2 Bg4 8. h3
Bh5 9. c3 e6 10. Qd2 Bd6 11. Bxd6 Qxd6 12. Nf4 Bg6 13. Nxg6 hxg6 14. Nf3 b5 15.
O-O Kf8 16. Rfe1 Rh5 17. Qe3 Nd7 18. a4 b4 19. Rac1 Kg8 20. cxb4 Nxb4 21. Bb1 a5
22. Rc3 Kf8 23. Ng5 Re8 24. Rec1 f6 25. Nf3 Kf7 26. Rc8 Rhh8 27. Rxe8 Rxe8 28.
Nh4 Nf8 29. Rc5 g5 30. Nf3 Nd7 31. Rxa5 Rb8 32. Qc3 Rb7 33. Rb5 Rc7 34. Qd2 Nc6
35. Rb3 e5 36. dxe5 Ndxe5 37. Nxe5+ Nxe5 38. Rc3 Rxc3 39. bxc3 Ke7 40. Ba2 Ke6
41. a5 Qc5 42. a6 Nc6 43. Qd3 Qa5 44. Qe2+ Kd6 45. c4 d4 46. Bb1 Kc5 47. Qe4
Qxa6 48. Qd5+ Kb4 49. c5 Kc3 50. Qf3+ d3 51. Bxd3 Qa1+ 52. Bf1+ Kb4 53. Qxc6 1-0

[Event "World Blitz 2025"]
[Site "Doha QAT"]
[Date "2025.12.30"]
[Round "17.52"]
[White "Tsaruk, Maksim"]
[Black "Wojtaszek, Radoslaw"]
[Result "1-0"]
[WhiteTitle "GM"]
[BlackTitle "GM"]
[WhiteElo "2515"]
[BlackElo "2667"]
[WhiteFideId "13511173"]
[BlackFideId "1118358"]
[EventDate "2025.12.29"]

1. e4 e5 2. Nf3 Nc6 3. Bb5 a6 4. Ba4 Nf6 5. O-O Be7 6. Re1 b5 7. Bb3 O-O 8. c3
d6 9. h3 Re8 10. Ng5 Rf8 11. Nf3 h6 12. d4 a5 13. Nbd2 a4 14. Bc2 Re8 15. Nf1
Bf8 16. Ng3 Rb8 17. Be3 Bd7 18. Qd2 Qc8 19. b3 axb3 20. axb3 Ra8 21. Bd3 Qb7 22.
d5 Ne7 23. c4 c6 24. Nh2 Ng6 25. Reb1 Be7 26. Ne2 Nh5 27. Nf3 Bf6 28. Kh2 Nhf4
29. Rxa8 Rxa8 30. Nxf4 Nxf4 31. Bxf4 exf4 32. Qxf4 cxd5 33. exd5 Qb6 34. Rf1 Ra2
35. cxb5 Rb2 36. Bc4 Bxb5 37. Bxb5 Qxb5 38. Rc1 Qb8 39. Rc6 Rxf2 40. Qf5 Be5+
41. Kg1 Rxf3 42. Rc8+ 1-0

[Event "World Blitz 2025"]
[Site "Doha QAT"]
[Date "2025.12.30"]
[Round "17.53"]
[White "Gaehwiler, Gabriel"]
[Black "Le, Tuan Minh"]
[Result "0-1"]
[WhiteTitle "IM"]
[BlackTitle "GM"]
[WhiteElo "2382"]
[BlackElo "2598"]
[WhiteFideId "1314530"]
[BlackFideId "12401153"]
[EventDate "2025.12.29"]

1. d4 d5 2. Nf3 Nf6 3. Bf4 c5 4. e3 Qb6 5. Qc1 Nc6 6. dxc5 Qxc5 7. Nbd2 g6 8.
Be2 Bg7 9. O-O O-O 10. Nb3 Qb6 11. Ne5 Ne4 12. Nxc6 bxc6 13. c3 Bf5 14. Nd2 e5
15. Bg3 Nxg3 16. hxg3 Rab8 17. b4 c5 18. a3 Rfc8 19. Nb3 Bf8 20. Rd1 cxb4 21.
axb4 Bxb4 22. Ra6 Qb7 23. Na5 Qd7 24. Qd2 Bxc3 25. Qxd5 Qxd5 26. Rxd5 Rb1+ 27.
Kh2 Rb2 28. Bc4 Bxa5 0-1

[Event "World Blitz 2025"]
[Site "Doha QAT"]
[Date "2025.12.30"]
[Round "17.54"]
[White "Droin, Augustin"]
[Black "Stefansson, Vignir Vatnar"]
[Result "0-1"]
[WhiteTitle "IM"]
[BlackTitle "GM"]
[WhiteElo "2480"]
[BlackElo "2519"]
[WhiteFideId "45105987"]
[BlackFideId "2308649"]
[EventDate "2025.12.29"]

1. e4 c5 2. Nf3 d6 3. Nc3 Nc6 4. d4 cxd4 5. Nxd4 Nf6 6. g3 g6 7. Nxc6 bxc6 8. e5
dxe5 9. Qxd8+ Kxd8 10. Bg2 Kc7 11. O-O Bf5 12. Re1 Nd7 13. a4 a5 14. Be3 Rb8 15.
b3 Bg7 16. Rac1 Rhd8 17. Nb1 e4 18. Bd2 Kb6 19. Bxe4 Bxe4 20. Rxe4 e5 21. Na3
Ka6 22. Nc4 Nc5 23. Re2 e4 24. Bxa5 Rd5 25. b4 Nxa4 26. Rxe4 Nc3 27. Re7 Rb7 28.
Re8 Kb5 29. Na3+ Ka4 30. Nb1 Na2 31. Rce1 c5 32. Ra8 Nxb4 33. c3 Nd3 34. Rd1 Kb3
35. Rd2 Bh6 36. Re2 Nc1 37. Re4 Kb2 38. Kg2 Kxb1 39. c4 Rd4 40. Re1 Rxc4 41. Bd8
Kc2 42. Bf6 Nd3 43. Re2+ Kb3 44. Ra1 Rc1 45. Ra6 c4 46. Rea2 Nc5 47. R6a3+ Kb4
48. Ra8 Kb5 49. Bd4 Nb3 50. Bb2 Rc2 51. g4 c3 0-1

[Event "World Blitz 2025"]
[Site "Doha QAT"]
[Date "2025.12.30"]
[Round "17.55"]
[White "Smirnov, Mark"]
[Black "Vokhidov, Shamsiddin"]
[Result "1-0"]
[WhiteTitle "FM"]
[BlackTitle "GM"]
[WhiteElo "2420"]
[BlackElo "2641"]
[WhiteFideId "13764594"]
[BlackFideId "14204223"]
[EventDate "2025.12.29"]

1. Nf3 Nf6 2. b3 c5 3. Bb2 Nc6 4. e3 g6 5. Nc3 d5 6. Bb5 Bg7 7. Na4 c4 8. Ne5
O-O 9. Nxc6 bxc6 10. Bxc6 Bg4 11. f3 Rc8 12. Bb7 Rc7 13. fxg4 Rxb7 14. O-O Qc8
15. h3 Rc7 16. Rc1 Ne4 17. Bxg7 Kxg7 18. d3 Nd6 19. Qd2 Qe6 20. Nc3 Rfc8 21.
bxc4 dxc4 22. d4 Rb7 23. Rf4 Nb5 24. Rcf1 f6 25. Ne4 c3 26. Qd3 Qxa2 27. Nc5 Rb6
28. Qe4 Qf7 29. g5 Nd6 30. gxf6+ exf6 31. Qe6 Rf8 32. Qxf7+ Nxf7 33. Nd7 f5 1-0

[Event "World Blitz 2025"]
[Site "Doha QAT"]
[Date "2025.12.30"]
[Round "17.56"]
[White "Sychev, Klementy"]
[Black "Sasikiran, Krishnan"]
[Result "1-0"]
[WhiteTitle "GM"]
[BlackTitle "GM"]
[WhiteElo "2517"]
[BlackElo "2538"]
[WhiteFideId "4114060"]
[BlackFideId "5004985"]
[EventDate "2025.12.29"]

1. e4 c5 2. Nf3 d6 3. d4 cxd4 4. Nxd4 Nf6 5. Nc3 a6 6. Bc4 e6 7. f4 b5 8. Bb3 b4
9. Na4 Bb7 10. e5 dxe5 11. fxe5 Ne4 12. O-O Nc6 13. Be3 Nxd4 14. Bxd4 Be7 15.
Nb6 O-O 16. Nxa8 Bxa8 17. c3 bxc3 18. bxc3 Qc7 19. Qd3 a5 20. Bc2 g6 21. Rae1
Nc5 22. Qe3 Qc6 23. Rf2 Bb7 24. Qh6 Ba6 25. Re3 Qb5 26. Rh3 1-0

[Event "World Blitz 2025"]
[Site "Doha QAT"]
[Date "2025.12.30"]
[Round "17.57"]
[White "Vakhidov, Jakhongir"]
[Black "Gholami Orimi, Mahdi"]
[Result "0-1"]
[WhiteTitle "GM"]
[BlackTitle "GM"]
[WhiteElo "2516"]
[BlackElo "2515"]
[WhiteFideId "14201801"]
[BlackFideId "12558486"]
[EventDate "2025.12.29"]

1. c4 e6 2. g3 d5 3. Bg2 dxc4 4. Qa4+ Nd7 5. Qxc4 c5 6. Nf3 a6 7. Qc2 Ngf6 8.
Nc3 Rb8 9. O-O b5 10. d4 Bb7 11. Rd1 Rc8 12. dxc5 Bxc5 13. Qb3 Qb6 14. e3 O-O
15. Bd2 Bc6 16. Be1 Qb7 17. Nh4 Bxg2 18. Nxg2 Ne5 19. Nh4 g5 20. Ng2 Qf3 21. Qc2
Qh5 22. h4 Nf3+ 23. Kf1 Ng4 24. Qe4 Rfd8 25. Ke2 Ngh2 26. g4 Ng1# 0-1

[Event "World Blitz 2025"]
[Site "Doha QAT"]
[Date "2025.12.30"]
[Round "17.58"]
[White "Ponkratov, Pavel"]
[Black "Isanzhulov, Arystan"]
[Result "1-0"]
[WhiteTitle "GM"]
[BlackTitle "IM"]
[WhiteElo "2587"]
[BlackElo "2419"]
[WhiteFideId "4157800"]
[BlackFideId "13711644"]
[EventDate "2025.12.29"]

1. Nf3 Nf6 2. g3 g6 3. Bg2 Bg7 4. c4 O-O 5. d4 d6 6. Nc3 Bf5 7. O-O Ne4 8. Na4
Nf6 9. Nh4 Be4 10. Nc3 Bxg2 11. Nxg2 Nc6 12. Rb1 Nd7 13. e3 a5 14. f4 e5 15.
fxe5 dxe5 16. d5 Nb4 17. a3 Na6 18. e4 Nb6 19. Qe2 Qe7 20. Be3 Nd7 21. g4 Bf6
22. Qd2 Nac5 23. b4 axb4 24. axb4 Na4 25. Nb5 Ndb6 26. Qf2 Nd7 27. Nxc7 Rac8 28.
c5 Nc3 29. d6 Qd8 30. Nd5 Nxb1 31. Rxb1 Bg5 32. Bxg5 Qxg5 33. Ne7+ Kg7 34. Nxc8
Rxc8 35. Rf1 f6 36. Ne3 Ra8 37. h4 Qh6 38. g5 Qh5 39. gxf6+ Kf7 40. Qd2 Ra3 41.
Qd5+ Kf8 42. Qe6 1-0

[Event "World Blitz 2025"]
[Site "Doha QAT"]
[Date "2025.12.30"]
[Round "17.59"]
[White "Bortnyk, Olexandr"]
[Black "Grebnev, Aleksey"]
[Result "1-0"]
[WhiteTitle "GM"]
[BlackTitle "GM"]
[WhiteElo "2601"]
[BlackElo "2632"]
[WhiteFideId "14120828"]
[BlackFideId "34189030"]
[EventDate "2025.12.29"]

1. d4 Nf6 2. Nc3 d5 3. Bf4 a6 4. e3 e6 5. a3 c5 6. Nf3 Nc6 7. h3 Bd6 8. dxc5
Bxc5 9. Bd3 O-O 10. O-O b5 11. e4 dxe4 12. Nxe4 Be7 13. Qe2 Bb7 14. Rfd1 Nd4 15.
Nxf6+ Bxf6 16. Nxd4 Bxd4 17. Be4 Qf6 18. Bxb7 Qxf4 19. Bxa8 Rxa8 20. c3 Bf6 21.
Rd3 h6 22. Rad1 Rc8 23. Qf3 Qc4 24. Rd7 a5 25. Qb7 Rf8 26. g3 h5 27. h4 g6 1-0

[Event "World Blitz 2025"]
[Site "Doha QAT"]
[Date "2025.12.30"]
[Round "17.60"]
[White "Suyarov, Mukhammadzokhid"]
[Black "Mitrabha, Guha"]
[Result "1-0"]
[WhiteTitle "IM"]
[BlackTitle "GM"]
[WhiteElo "2454"]
[BlackElo "2508"]
[WhiteFideId "14210495"]
[BlackFideId "5057000"]
[EventDate "2025.12.29"]

1. d4 Nf6 2. Nc3 c5 3. dxc5 e6 4. e4 Bxc5 5. e5 Ng8 6. Ne4 Ne7 7. Nf3 Nf5 8.
Nxc5 Qa5+ 9. c3 Qxc5 10. Bd3 Nc6 11. Bxf5 exf5 12. O-O O-O 13. Re1 Re8 14. Bf4
b6 15. Qd3 Ne7 16. Nd4 Ng6 17. Qg3 d6 18. exd6 Bd7 19. h4 h5 20. Qf3 Nxh4 21.
Qxh5 Ng6 22. Bh2 Rab8 23. Nf3 f4 24. Ng5 Qxd6 25. Red1 Qe7 26. Bxf4 Rbc8 27.
Qh7+ Kf8 28. Bd6 1-0

[Event "World Blitz 2025"]
[Site "Doha QAT"]
[Date "2025.12.30"]
[Round "17.61"]
[White "Gavrilescu, David"]
[Black "Zemlyanskii, Ivan"]
[Result "0-1"]
[WhiteTitle "GM"]
[BlackTitle "GM"]
[WhiteElo "2542"]
[BlackElo "2592"]
[WhiteFideId "1227190"]
[BlackFideId "24249971"]
[EventDate "2025.12.29"]

1. e4 c5 2. Nf3 e6 3. b3 a6 4. c4 Nc6 5. Bb2 Qc7 6. d4 cxd4 7. Nxd4 Qe5 8. Bc3
Qxe4+ 9. Be2 Qxg2 10. Bf3 Qg5 11. Nd2 Nf6 12. Qe2 Bb4 13. Bxb4 Nxb4 14. a3 Nc6
15. Nxc6 bxc6 16. O-O-O O-O 17. Rhg1 Qf4 18. Kb2 d5 19. Rg3 e5 20. Bg2 Bg4 21.
Bf3 Be6 22. cxd5 cxd5 23. Nf1 e4 24. Bh1 Qe5+ 25. Ka2 Rfc8 26. Ne3 d4 27. Nc4
Rxc4 28. bxc4 Rc8 29. Rc1 g6 30. Qb2 Qf4 31. Ka1 Ng4 32. f3 Ne5 33. fxe4 Nxc4
34. Qc2 Ne5 35. Qxc8+ Bxc8 36. Rxc8+ Kg7 37. Bg2 d3 38. Kb2 Qf2+ 39. Kb3 d2 40.
Rd8 Qb6+ 0-1

[Event "World Blitz 2025"]
[Site "Doha QAT"]
[Date "2025.12.30"]
[Round "17.62"]
[White "Adhiban, Baskaran"]
[Black "Tin, Jingyao"]
[Result "1-0"]
[WhiteTitle "GM"]
[BlackTitle "GM"]
[WhiteElo "2557"]
[BlackElo "2584"]
[WhiteFideId "5018471"]
[BlackFideId "5804418"]
[EventDate "2025.12.29"]

1. d4 d5 2. Nf3 Nf6 3. c4 c6 4. Nc3 e6 5. g3 Nbd7 6. Bg2 Be7 7. O-O O-O 8. a4 a5
9. Bf4 dxc4 10. e4 b6 11. d5 cxd5 12. exd5 exd5 13. Nxd5 Nxd5 14. Qxd5 Ra7 15.
Rad1 Nc5 16. Qh5 Qe8 17. Ne5 Bb7 18. Bxb7 Rxb7 19. Nxc4 Qxa4 20. Ne3 Ne6 21. Nd5
Nxf4 22. gxf4 Bc5 23. Rd3 Qe4 24. Nf6+ gxf6 25. Rg3+ Kh8 26. Qh6 Qg6 27. Rxg6
fxg6 28. Re1 f5 29. Re6 Kg8 30. Qh3 Rff7 31. Qb3 Rbd7 32. Re8+ Kg7 33. Kg2 Rd4
34. Qc3 Rd7 35. h4 Kh6 36. Qg3 Kg7 37. h5 Re7 38. h6+ Kf7 39. Rh8 Ke6 40. Rxh7 1-0

[Event "World Blitz 2025"]
[Site "Doha QAT"]
[Date "2025.12.30"]
[Round "17.63"]
[White "Kadric, Denis"]
[Black "Maksimovic, Bojan"]
[Result "0-1"]
[WhiteTitle "GM"]
[BlackTitle "GM"]
[WhiteElo "2543"]
[BlackElo "2533"]
[WhiteFideId "14403803"]
[BlackFideId "14408120"]
[EventDate "2025.12.29"]

1. e4 e6 2. d3 d5 3. Nd2 Nc6 4. Ngf3 Nf6 5. c3 e5 6. b4 Bd6 7. Be2 O-O 8. O-O a5
9. b5 Ne7 10. exd5 Nexd5 11. Bb2 Nf4 12. Nc4 Re8 13. Re1 Bg4 14. h3 Bh5 15. Qd2
e4 16. dxe4 Nxe4 17. Qc1 Bxf3 18. Bxf3 Nd3 19. Qb1 Nexf2 20. Rxe8+ Qxe8 21. Nxd6
cxd6 22. Ba3 Qe3 23. Kh2 Qf4+ 24. Kg1 Nxh3+ 25. Kf1 Qe3 26. Qc2 Qg1+ 27. Ke2
Nhf4+ 0-1